000 01732cam a22004455i 4500
001 24257129
003 OSt
005 20260310112935.0
008 250124r20242023ii b 000 0beng d
010 _a 2025350914
020 _a9789395542586
_q(hardback)
025 _aI-E-2025350914; 59-16
035 _a24257129
035 _a(OCoLC)1490365662
037 _bLibrary of Congress -- New Delhi Overseas Office
040 _aDKAGE
_beng
_erda
_cDKAGE
_dOCLCO
_dOCLCQ
_dDLC
042 _alccopycat
_alcode
043 _aa-ii---
050 0 4 _aDS485.A87
_bD88 2024
082 0 4 _a954.162
_bDUT/A
100 1 _aDutta, Arup Kumar
_eauthor.
_910637
245 1 0 _aAsaminte Veerahridayam Lachit Barphukan = Assam's braveheart Lachit Barphukan /
_cArup Kumar Dutta. translated by S Salim Kumar
246 3 0 _aLachit Barphukan
264 1 _aGuwahati :
_bPublication Board Assam,
_cJune, 2024.
300 _a235 pages ;
_c23 cm
336 _atext
_btxt
_2rdacontent
337 _aunmediated
_bn
_2rdamedia
338 _avolume
_bnc
_2rdacarrier
500 _a"First English edition: Lachit diwas, 24th November, 2023"--Title page verso.
504 _aIncludes bibliographical references (pages 245-249).
600 1 0 _aBarphukan, Lachit,
_d1622-1671.
650 0 _aAhoms (Indic people)
_vBiography.
651 0 _aAssam (India)
_xHistory
_y17th century.
651 0 _aAssam (India)
_xHistory, Military.
651 6 _aAssam (Inde)
_xHistoire
_y17e siècle.
651 6 _aAssam (Inde)
_xHistoire militaire.
655 7 _aBiographies.
_2lcgft
_0https://id.loc.gov/authorities/genreForms/gf2014026049
710 2 _aAsama Prakāśana Parishada,
_epublisher.
942 _2ddc
_cBK
_h954.162
_iDUT/A
_k954.162
_mDUT/A
999 _c44721
_d44721